000 00715nam a2200217Ia 4500
003 OSt
005 20251104095000.0
008 210210b1974 xxu||||| |||| 00| 0 eng d
040 _cAL
041 _aKannada
082 _aK894.3 HART
100 _aHARDI (Thomas).
_dಥಾಮಸ್ ಹಾರ್ಡಿ
_9243702
245 _aTess of the D'Urbervilles
_bಟೆಸ್ ಆಫ್ ದಿ ಡಿ'ಉರ್ಬರ್ವಿಲ್ಲೆಸ್
260 _aBengaluru
_bSharada Prakatanalalya
_c1974
300 _axiv,464
650 _aNagarajarav Vi
_9243703
690 _aKannada Fiction
_9243704
700 _aV Nagarajarav.
_dವಿ ನಾಗರಾಜರಾವ್ tr.
_9243705
906 _aSG03218
942 _2ddc
_cBK
999 _c114238
_d114238